00809nam a2200253 a 4500001001300000003000900013005001700022008004100039020001000080082001900090100001900109245008100128260003400209300001000243500003500253505003200288650002300320650003100343700001900374902000800393942000700401952013200408999001500540nice12345678IN_TiNIC20260116012938.0050524s1993 dela grp 000 0 eng  ac32500a297.01654bTAH aTaher, Mohamed aMuslims in Indiab Recent Contributions to Literature on Religion Philosophy aDelhibAnmol Publishersc1993 a289p. aincludes index and biblioraphy2 aHistory and social aspects. aIslam-Bibliography aBibliography-Muslims-India1 aTaher, Mohamed bSRS cBK 001040708StackRoom-aHMIbHMId2007-07-20g325.00l2o297.01654 TAHp014464r2019-03-04s2019-02-26v325.00w2005-05-24yBK c9000d9000